书目信息 |
| 题名: |
紫禁城八百楹联匾额通解
|
|
| 作者: | 李文君 编著 | |
| 分册: | ||
| 出版信息: | 北京 紫禁城出版社 2011 |
|
| 页数: | 446页 | |
| 开本: | 26cm | |
| 丛书名: | ||
| 单 册: | ||
| 中图分类: | I207.62 | |
| 科图分类: | ||
| 主题词: | 故宫--匾--鉴赏--北京 , 故宫 , 匾 , 对联--鉴赏--中国--清代 , 对联 | |
| 电子资源: | ||
| ISBN: | 978-7-5134-0167-8 | |
| 000 | 00892nam0 2200265 450 | |
| 001 | 139232 | |
| 005 | 20140911090542.15 | |
| 010 | @a978-7-5134-0167-8@dCNY 56.00 | |
| 100 | @a20120829d2011 em y0chiy50 ea | |
| 101 | 0 | @achi |
| 102 | @aCN@b110000 | |
| 105 | @aa z 000yy | |
| 200 | 1 | @a紫禁城八百楹联匾额通解@Azi jin cheng ba bai ying lian bian e tong jie@b专著@f李文君编著 |
| 210 | @a北京@c紫禁城出版社@d2011 | |
| 215 | @a446页@c图@d26cm | |
| 330 | @a本书作者辑录紫禁城八百楹联匾额并详加注释,分区解说紫禁城各区域宫殿建筑的功能与特色,诠释封建皇帝对现实理政的主观愿望,透视皇室贵族的宫廷生活与对虚幻美好的追求。 | |
| 606 | 0 | @a故宫@x匾@x鉴赏@y北京 |
| 606 | 0 | @a故宫 |
| 606 | 0 | @a匾 |
| 606 | 0 | @a对联@x鉴赏@y中国@z清代 |
| 606 | 0 | @a对联 |
| 690 | @aI207.62@v5 | |
| 701 | 0 | @a李文君@Ali wen jun@f(1975 )@4编著 |
| 801 | 0 | @aCN@bNJLIB@c20140911 |
| 905 | @a241430@dI207.62@eL280 | |
| 紫禁城八百楹联匾额通解/李文君编著.-北京:紫禁城出版社,2011 |
| 446页:图;26cm |
| ISBN 978-7-5134-0167-8:CNY 56.00 |
| 本书作者辑录紫禁城八百楹联匾额并详加注释,分区解说紫禁城各区域宫殿建筑的功能与特色,诠释封建皇帝对现实理政的主观愿望,透视皇室贵族的宫廷生活与对虚幻美好的追求。 |
| ● |
| 相关链接 |
|
|
|
正题名:紫禁城八百楹联匾额通解
索取号:I207.62/L280
 
预约/预借
| 序号 | 登录号 | 条形码 | 馆藏地/架位号 | 状态 | 备注 |
| 1 | 0829853 | 208298536 | 文学库108/108文学库 10排4列5层/ [索取号:I207.62/L280] | 在馆 | |
| 2 | 0829854 | 208298545 | 文学库108/108文学库 10排4列5层/ [索取号:I207.62/L280] | 在馆 | |
| 3 | 0829855 | 208298554 | 文学库108/108文学库 7排3列3层/ [索取号:I207.62/L280] | 在馆 |